[Event "World Women-ch k.o."]
[Site "Antakya"]
[Date "2010.12.06"]
[Round "1.4"]
[White "Munguntuul, Batkhuyag"]
[Black "Dembo, Yelena"]
[Result "0-1"]
[WhiteElo "2409"]
[BlackElo "2454"]
[Annotator "Dembo,Y"]
[PlyCount "96"]
[EventDate "2010.12.04"]
[EventType "k.o."]
[EventRounds "6"]
[EventCountry "TUR"]
[SourceTitle "CBM 140"]
[Source "ChessBase"]
[SourceDate "2011.01.18"]
[SourceVersion "1"]
[SourceVersionDate "2011.01.18"]
[SourceQuality "1"]

1. e4 c5 2. Nf3 d6 3. d4 cxd4 4. Nxd4 Nf6 5. Nc3 Nc6 6. Bg5 e6 7. Qd2 a6 8.
O-O-O Bd7 9. f3 h6 10. Be3 b5 11. g4 {I feel this move is most dangerous -
after all, it is the most direct! White simply goes ahead with her planned
pawn storm, without dealing with trifles.} Ne5 {[%csl Rd2,Re3][%cal Gb5b4,
Ge5c4] In my opinion, this is the critical tabiya of the entire system. Black
threatens ...b4, Nce2 Nc4 and ...Nxe3. White must deal with this threat.} 12.
a3 {This is the standard reply, preventing ...b4 for a while and ensuring that
the Nc3 will not be kicked away in the near future. Naturally, this move also
has a downside: after ...Rb8 (or ...Qb8) Black will open a file against the
white K.} (12. Bd3 {This is the more restrained method of dealing with the
threat, ensuring that c4 will be covered after Nce2, but it is not aggressive
enough. Black now has a choice between two good plans:} Qc7 {is less volatile
but standard.} (12... b4 13. Nce2 d5 {is direct and forceful. It seems that in
this particular position Black faces no problems:} 14. Ng3 (14. exd5 Nxd5 15.
Nf4 Nxe3 16. Qxe3 Bd6 17. h4 Qb6 $11 {1/2-1/2 Smith,B (2384)-Finegold,B (2563)/
Philadelphia 2006/CBM 112 ext (27)}) 14... Qc7 15. Kb1 (15. Be2 {(Dolmatov,S 
(2495)-Foisor,O (2310)/Graz 1978)} Nc4 16. Bxc4 dxc4 $17) (15. Nh5 Nxh5 16.
gxh5 {(Malinarski,Y (2255)-Teplitsky,Y (2425)/Tel Aviv 1994)} Nxd3+ 17. Qxd3 e5
$15) 15... Nc4 16. Qe2 (16. Bxc4 dxc4 17. h4 c3 $17 {1-0 Arnason,J (2500)
-Ivanovic,B (2490)/Plovdiv 1986/EXT 2000/[Bulletin] (35)}) 16... Nxe3 17. Qxe3
Bd6 $11 {1/2-1/2 Arnason,J (2540)-Yrjola,J (2415)/Gausdal 1987/CBM 004 (27);
In all these lines please notice how important it is to play the dark-squared
B to d6, from where it covers important dark squares. This detail explains why
other versions of the ...d5 break, such as in my game vs T.Kosintseva, are not
ideal.}) 13. a3 (13. g5 hxg5 14. Bxg5 Nc4 15. Bxc4 Qxc4 16. Kb1 b4 17. Nce2 a5
18. h4 {(Dolmatov-Van der Wiel, Amsterdam 1980)} {and now} a4 $5 $36 {makes
good sense.}) (13. h4 b4 $1 14. Nce2 d5 {This break is very effective here.}
15. g5 (15. exd5 Nxd5 16. Kb1 {(Mendoza,R (2305)-Escobar Forero,A (2315)/
Barranquilla 1995)} Nxd3 17. Qxd3 Rc8 $36) 15... dxe4 16. fxe4 (16. Bxe4 Nxe4
17. fxe4 Nc4 $17 {0-1 Solak,D (2355)-Kiselev,S (2485)/Bucharest 1997/CBM 060/
[Gofshtein,L] (41)}) 16... Nfg4 $36 {1-0 Zaitsev,A-Churikov,K (2220)/
Cherepovets 2001/EXT 2002 (48)}) (13. Kb1 {- 11.Kb1}) 13... Rb8 14. h4 g6 {
The standard method of dealing with g4-g5-g6.} 15. g5 hxg5 16. hxg5 Rxh1 17.
Rxh1 Nh5 18. f4 (18. Nce2 a5 19. Rd1 Nxd3+ 20. Qxd3 e5 $36 {1/2-1/2 Balashov,Y
(2595)-Csom,I (2505)/Budapest 1982/MCD (26)}) 18... Nc4 $15 {Liberzon-Csom,
Biel 1976}) (12. g5 hxg5 13. Bxg5 {is never really threatening:} Qc7 14. Kb1 b4
15. Nce2 Nh7 ({The more logical} 15... Nc4 {also looks good:} 16. Qe1 Rc8 17.
Nc1 a5 18. Bd3 Qc5 $40 {Van Riemsdijk-Lobron, Manila 1990}) 16. Bh4 Nc4 17. Qc1
a5 $40) (12. Rg1 {[%cal Gh2h4,Gg4g5] This is preparation for h4 and g5.} Qc7
13. h4 {[%cal Rb5b4,Gc3b1,Gg4g5,Gg5g6] White speeds up his attack, intending
to meet ...b4 simply with Nb1. Black should just deal with the threatened
advance of the gP.} (13. a3 Rb8 14. h4 {can also arise from our main line of
12.a3. In this particular position Black can afford to skip the usual ...g6
for a more active move:} Qb7 $1 ({also possible is} 14... Nc4 15. Bxc4 bxc4 16.
Qe2 g6 $36 {1/2-1/2 De Nucci,G (2060)-Barreto Filho,C (2273)/Campinas 2009/CBM
130 Extra (35)}) 15. g5 hxg5 16. hxg5 Nh5 {Now 17.f4 Nc4 is fine for Black as
mate is threatened on b2 after the exchange on c4.} 17. Qf2 Nc4 18. Bxc4 (18.
g6 fxg6 19. Rxg6 Nf6 $11 {is not a problem.}) 18... bxc4 $15 {
Rodriguez-Arnason, Thessaloniki 1988}) 13... g6 14. g5 hxg5 15. hxg5 (15. Bxg5
$6 {(Pinter,E (2238)-Fernandez Romero,E (2383)/Oropesa del Mar 2000)} Bg7 $36)
15... Nh5 16. f4 (16. b3 Rc8 17. Nce2 Nc6 18. f4 e5 19. Nxc6 Qxc6 $132 {
1/2-1/2 Eilertsen,J (2240)-Csom,I (2475)/Gausdal 1993/TD (77)}) 16... Nc4 17.
Bxc4 Qxc4 $5 {In this particular position, when White hasn't played a3 yet, I
believe this is also playable. The difference is that White now has no time to
stop ...b4 and ...a5-a4. When this is the case, then ...Qxc4 is fully viable
and perhaps even the better option.} (17... bxc4 $13 {is the usual reaction,
with unclear play.}) 18. Kb1 b4 19. Nce2 a5 {Black's position is already quite
promising; his plan is straightforward and simple.} 20. b3 (20. Rh1 {(Varga,Z 
(2535)-Cao Sang (2420)/Budapest 1995)} a4 21. Ng3 b3 $1 22. cxb3 (22. axb3 axb3
23. cxb3 Qa6 $44) 22... axb3 23. a3 Bg7 $13) (20. Nc1 {(Houtsonen,P-Nieminen,K
(2220)/Finland 1993)} a4 $36) (20. e5 {(Firman,N (2361)-Vallejo Pons,F (2554)/
Oropesa del Mar 2000)} dxe5 21. fxe5 Qd5 $13) 20... Qa6 21. Nf3 a4 22. Bd4 axb3
23. cxb3 Ng7 $15 {Spragett-Csom, Szirak 1986}) (12. h4 $6 {This is just too
direct.} b4 13. Nb1 (13. Nce2 Nc4 14. Qd3 Rc8 $15) 13... d5 $1 14. Bf4 (14.
exd5 Nxd5 15. Be2 Bc5 $1 $17 {0-1 Kazarova,I (2220)-Petrushin,A (2415)/
Krasnodar 1997/EXT 2000 (28)}) (14. g5 hxg5 15. exd5 Nxd5 16. Bxg5 {(Stypka,
M-Szymczak,Z/Gdynia 1982)} f6 $17) 14... Bd6 (14... Nc4 $6 15. Qe1 $36) (14...
Qc7 $6 {(Guliev,L (2255)-Galliamova,A (2475)/Kstovo 1994)} 15. exd5 Nxd5 16.
Bh2 $36) 15. Bh2 (15. exd5 $6 Nxd5 16. Bh2 {(Lobzhanidze,D (2280)-Bagaturov,G 
(2460)/Tbilisi 1996)} O-O $13) (15. Be2 $2 Qc7 $1 16. g5 Nd3+ 17. Qxd3 Bxf4+
$17 {0-1 Kononenko,D (2437)-Kononenko,D (2188)/Dnipropetrovsk 2005/EXT 2006 
(46)}) 15... dxe4 16. g5 hxg5 17. hxg5 e3 $36 {One can see the result of
ignoring development and preventive measures: White's position is shattered.})
12... Qb8 $5 {A very rare move with which I wanted to surprise my opponent in
this critical tie-break rapid game. Black supports the ...b4 push with the Q,
which will usually end up on b7 anyway. Overall there are not many differences
with ...Rb8, so I would rather draw your attention to the idea that follows,
doubling the major pieces on the b-file before playing ...Nc4. This sort of
forces White to adapt his strategy accordingly. One other point is that Black
may move his R to c8 instead of b8. This whole idea is an interesting field
for research.} (12... Rb8 {is the main move.}) 13. h4 (13. h3 {can hardly
trouble Black:} b4 14. axb4 Qxb4 15. f4 Nc6 $11 {1/2-1/2 Browne,W (2550)
-Shamkovich,L (2485)/Columbus 1977/EXT 1999 (32)}) (13. g5 hxg5 14. Bxg5 {
(Hartikainen,M (2267)-Veingold,A (2465)/Helsinki 2005)} Qc7 $11 (14... Nc4 $11)
) 13... Qb7 {Black's idea is that, after ...Rb8, taking the N when it comes to
c4 will be out of the question.} 14. Kb1 {This enables Qc1 as a defence to the
Pb2.} (14. Rg1 {[%cal Gg4g5] sees White immediately go ahead with things;
Black can play} Rc8 15. g5 hxg5 16. hxg5 Nh5 $13 {with complex play. Note that
...Rc8 prepared the recapture ...Rxc4, to be followed by ...b4.}) 14... Rb8 {
[%csl Rb2,Rd2,Re3][%cal Ge5c4] Preparing ...Nc4. Now White is sort of forced
to move her Q from d2, if she wants to retain her dark-squared B.} ({It was
possible immediately, of course, but the game move is more tricky:} 14... Nc4
15. Bxc4 bxc4 16. g5 Rb8 17. Qc1 hxg5 18. hxg5 Rxh1 19. Rxh1 Ng8 $11 {and
Black should be OK.}) 15. Qc1 (15. Qf2 $5 {seems more active:} Nc4 16. Bxc4 (
16. Bc1 $143 Nxa3+ $5 17. bxa3 b4 18. Nce2 bxa3+ $40 {with a dangerous attack})
16... bxc4 17. Bc1 d5 18. g5 $132 {and play is becoming very complicated. This
position requires analysis.}) 15... Be7 $6 {[%csl Ye7] The B is not well
placed on e7 (it should stay on f8 and, after the eventual ...g6, move to g7.
I thought during the game that I sort of win a tempo, as I couldn't see a
useful move for White, but in fact I just misplace my B.} (15... b4 $1 {
was much better; after} 16. axb4 Qxb4 $36 {Black already has some initiative.})
16. Be2 Nc4 17. Bxc4 (17. g5 $5 {was interesting:} Nh5 18. gxh6 gxh6 19. Bxc4
bxc4 20. Rhg1 Nf6 $13 {White now has some avenues of attack on the kingside
and Black has less opportunities to increase the pressure, as he cannot bring
his B on to the long diagonal anymore.}) 17... bxc4 18. g5 Nh5 19. Nde2 Bc6 $13
{Preventing f4.} 20. Ka1 hxg5 21. hxg5 g6 22. Ng3 {White concentrates all the
pieces on the kingside in order to win the pawn.} ({However, I was more afraid
of the central strategy initiated by} 22. Rd4 $1 Bb5 23. Ng3 $14 {White's
strong central position makes a good impression.}) 22... Qc7 $2 {This plan is
just wrong.} (22... Kd7 $5 {was an unusual yet a good move. The K would feel
safe on the queenside.}) 23. Nxh5 gxh5 24. Rh3 Qa5 25. Bd2 Qb6 26. Rdh1 $16 {
Now Black is in trouble. Slow play means a slow death, so...} d5 {Trying to
open the position for the Bs, but this is already an extreme measure. But
White must react carefully...} 27. exd5 exd5 28. Rxh5 $6 {Too greedy. It was
necessary to prevent my counterplay first. In any case, the Ph5 isn't going
anywhere.} (28. Ne2 $1 $16 {[%csl Yc3,Yd4][%cal Gd2c3] was simple and good;
White establishes control over the dark squares and is much better.}) (28. Bf4
$5 {was also good:} Rb7 29. Rxh5 Rxh5 30. Rxh5 d4 31. Ne4 $16) 28... Rxh5 29.
Rxh5 d4 30. Rh8+ $2 {After the exchange of Rs the black Q becomes very active.}
(30. Bf4 $142 $5) 30... Kd7 31. Rxb8 Qxb8 $44 {Now Black has good
counterchances.} 32. Ne4 Qh2 $2 {Not a good square for the Q.} (32... Qe5 $142
$1 33. Qf1 Bd5 $44) 33. Bf4 $1 $16 Qe2 34. Qg1 d3 35. Qd4+ $6 ({White could
have achieved a large plus with} 35. Qa7+ $1 Ke6 36. Qxa6 Qd1+ 37. Ka2 dxc2 38.
Qc8+ $1 (38. Qxc6+ $2 Kf5 $1 $44) 38... Qd7 39. Qh8 $1 (39. Qxd7+ Kxd7 $11)
39... Qd5 40. Nc3 $16 {, but of course such play when relying on just half a
minute per move is not easy to embark on...}) 35... Ke8 36. Qh8+ (36. cxd3 Qd1+
37. Ka2 Qb3+ $11) (36. Qxc4 $1 Bxe4 37. Qxe4 Qd1+ 38. Ka2 dxc2 39. Qa8+ $16)
36... Kd7 37. Qh3+ Kd8 38. Qh8+ Kd7 {White is not happy with a draw,
especially since a win would mean qualification to the next round. Objectively,
playing for a win is justified by the position; but in practical terms it's
not easy to handle the position with no time.} 39. Qb8 (39. Qd4+ $1 $16 {
was the move.}) 39... Bxe4 40. Qc7+ Ke8 (40... Ke6 $4 41. Qc8+ Kd5 42. Qd7+ $18
) 41. Qc8+ $4 {A blunder in time trouble...} (41. fxe4 dxc2 $11) 41... Bd8 $19
{...and suddenly White is losing!} 42. fxe4 (42. Bc7 Qd1+ 43. Ka2 dxc2 $19)
42... Qf1+ 43. Ka2 Qxf4 44. Qc6+ Ke7 45. cxd3 cxd3 46. Qc3 Qxe4 47. Qd2 Qd5+
48. Kb1 Kd7 {A very adventurous game!} 0-1

[Event "Elenite"]
[Site "Elenite"]
[Date "1995.??.??"]
[Round "9"]
[White "Kolev, Atanas"]
[Black "Tukmakov, Vladimir B"]
[Result "1-0"]
[WhiteElo "2500"]
[BlackElo "2600"]
[Annotator "Dolmatov,S"]
[PlyCount "77"]
[EventDate "1995.09.??"]
[EventType "tourn"]
[EventRounds "9"]
[EventCountry "BUL"]
[EventCategory "15"]
[SourceTitle "CBM 050"]
[Source "ChessBase"]
[SourceDate "1996.02.01"]
[SourceVersion "1"]
[SourceVersionDate "1996.02.01"]
[SourceQuality "1"]

1. e4 c5 2. Nf3 d6 3. d4 cxd4 4. Nxd4 Nf6 5. Nc3 Nc6 6. Bg5 e6 7. Qd2 a6 8.
O-O-O h6 9. Be3 Be7 10. f4 Nxd4 11. Bxd4 b5 12. Kb1 (12. Bd3) (12. Qe3) (12.
Be2) 12... b4 (12... Bb7 $5 13. Bd3 b4 14. Na4) 13. Na4 Nxe4 (13... Rb8 14. Qe3
Bd7 15. Nb6 $40) 14. Qxb4 d5 15. Qe1 Bf6 (15... O-O 16. Bd3 $16) (15... Bd7 16.
Nb6 Rb8 17. Nxd7 Qxd7 18. Bxg7 Rg8 19. Be5 $16) 16. Bd3 Bd7 $8 (16... Bxd4 $2
17. Bxe4 dxe4 (17... Bf6 18. Bxd5) 18. Qxe4 Bb7 19. Qxb7 $16) 17. Bxe4 Bxa4 18.
Bxf6 Qxf6 19. Qb4 $1 (19. Bxd5 Rb8 20. Bb3 Bxb3 21. axb3 Qxf4 $10) 19... Bd7 (
19... dxe4 20. Qxa4+ Kf8 21. Qxe4 $16) 20. Bf3 (20. Bxd5 $6 exd5 21. Rhe1+ Be6
22. g4 Qe7) 20... g5 $2 (20... Qe7 $5 21. Qxe7+ (21. Qd4 O-O 22. c4 Bc6 23.
cxd5 exd5 24. Rhe1 $14) 21... Kxe7 22. c4 dxc4 23. Bxa8 Rxa8 24. Rd4 Bc6 25.
Rxc4 Bxg2 26. Rg1 Bd5 27. Rc7+ Kf6 $44) 21. Rhe1 $1 Qxf4 22. Qxf4 gxf4 23. c4
$1 $16 (23. Rxd5 Bc6 24. Rd4 Bxf3 25. gxf3 Rg8 26. Rxf4 Rg2 $132) 23... Rb8 24.
cxd5 Rb4 (24... Ke7 25. Re4 $16) 25. a3 Rb6 (25... Rc4 26. dxe6 Bxe6 27. Bd5
$16) (25... Ra4 26. dxe6 fxe6 27. Rxe6+ Bxe6 28. Bc6+ Ke7 29. Bxa4 $16) 26. Re4
Ke7 27. dxe6 (27. Rxf4 e5 28. d6+ Rxd6 29. Rxf7+ Kxf7 30. Rxd6 Bf5+ 31. Ka2 e4
32. Bh5+ Ke7 33. Rxa6 $16) 27... Bxe6 28. Rxf4 a5 29. b4 $1 Rc8 $6 (29... Rhb8
$5 30. Rdd4 f5 31. Kb2 Kf6 32. g3 $16) 30. Rc1 $1 axb4 (30... Rcb8 31. Rc6 Rb5
32. Be2 R5b7) 31. Rxb4 Rcb8 (31... Rxb4+ 32. axb4 Rb8 (32... Rxc1+ 33. Kxc1 Kd6
34. Kb2 $18) 33. Rc7+ Kd6 34. Rb7 Rxb7 35. Bxb7 Kc7 36. Bf3 Kb6 37. Kb2 Kb5 38.
Kc3 $18) 32. Rc7+ Kd6 33. Rb7 $18 R6xb7 34. Rxb7 Rc8 35. Kb2 Kc5 36. a4 Rd8 37.
Kc3 (37. a5 $2 Rd2+ 38. Kc3 Ra2 $132) 37... Bd7 38. a5 Bb5 39. Rc7+ 1-0

[Event "Budapest Tungsram-04"]
[Site "Budapest"]
[Date "1978.08.??"]
[Round "?"]
[White "Jansa, Vlastimil"]
[Black "Csom, Istvan"]
[Result "1/2-1/2"]
[WhiteElo "2505"]
[BlackElo "2510"]
[Annotator "Dolmatov,S"]
[PlyCount "122"]
[EventDate "1978.08.12"]
[EventType "tourn"]
[EventRounds "15"]
[EventCountry "HUN"]
[EventCategory "9"]
[SourceTitle "MCL"]
[Source "ChessBase"]
[SourceDate "1999.07.01"]
[SourceVersion "1"]
[SourceVersionDate "1999.07.01"]
[SourceQuality "1"]

1. e4 c5 2. Nf3 d6 3. d4 cxd4 4. Nxd4 Nf6 5. Nc3 Nc6 6. Bg5 e6 7. Qd2 a6 8.
O-O-O h6 9. Be3 Ng4 $6 (9... Be7) 10. Nxc6 bxc6 11. Bc5 Bb7 12. h3 Qa5 (12...
dxc5 13. Qxd8+ Rxd8 14. Rxd8+ Kxd8 15. hxg4 $16 {Smyslov,V-Botvinnik,M/Wch/
1957/}) 13. Bxd6 O-O-O 14. Bc7 Qxc7 (14... Rxd2 15. Bxa5 Rxd1+ (15... Nxf2 16.
Rxd2 Nxh1 17. Rd8#) 16. Nxd1 $16) 15. Qxd8+ Qxd8 16. Rxd8+ Kxd8 17. hxg4 $16
Kc7 18. Bd3 Bc5 19. Nd1 e5 20. Kd2 (20. Bc4 $5 f6 21. c3 $5 (21. Kd2 Rd8+ 22.
Ke2 Rd4 23. Bd3 Bc8 24. Ne3 $16) 21... Rd8 22. Re1 Bc8 23. f3 $16) 20... Bc8
21. Ne3 Rd8 22. f3 Be6 23. Nf5 Bf8 24. Ke2 (24. Kc3 a5 25. a3) 24... a5 25. Ne3
(25. b3 f6) 25... Bc5 26. b3 f6 27. Nd1 Bb4 28. Nb2 Ba3 $146 29. Na4 Rb8 30.
Rd1 Be7 31. c3 Ba3 32. Kd2 Rd8 33. Kc2 Bf7 34. Be2 Rxd1 35. Bxd1 c5 $1 $10 36.
Be2 Be8 37. Nb2 Bxb2 38. Kxb2 Bf7 39. Bb5 Kb6 40. Bd7 Kc7 41. Ba4 Kb6 42. Kc2 (
42. Ka3 $5 Kc7 43. Bb5 Kb6 44. Ka4 Be6 45. Be8 Bg8 $10) 42... Be6 43. Be8 g5
44. Kd3 Bg8 45. Kc2 Be6 46. Kd3 Bg8 47. Bd7 Bf7 48. Kc2 Kc7 49. Bb5 Kb6 50. Be2
Be6 51. Kb2 Bf7 52. Ka3 Be6 53. Bd3 Bf7 54. Kb2 Be6 55. a4 Bg8 56. Ka3 Be6 57.
Bb5 Bf7 58. b4 Be6 59. bxa5+ Kxa5 60. Kb2 Kb6 61. Kc2 Bf7 1/2-1/2

[Event "Haifa"]
[Site "Haifa"]
[Date "1995.??.??"]
[Round "10"]
[White "Dolmatov, Sergey"]
[Black "Greenfeld, Alon"]
[Result "1/2-1/2"]
[WhiteElo "2605"]
[BlackElo "2580"]
[Annotator "Dolmatov,S"]
[PlyCount "55"]
[EventDate "1995.01.??"]
[EventType "tourn"]
[EventRounds "11"]
[EventCountry "ISR"]
[EventCategory "14"]
[SourceTitle "CBM 046"]
[Source "ChessBase"]
[SourceDate "1995.06.01"]
[SourceVersion "1"]
[SourceVersionDate "1995.06.01"]
[SourceQuality "1"]

1. e4 {Ernst} c5 2. Nf3 Nc6 3. d4 cxd4 4. Nxd4 Nf6 5. Nc3 d6 6. Bg5 e6 7. Qd2
a6 8. O-O-O h6 9. Be3 Be7 10. f3 Nxd4 11. Bxd4 b5 12. Kb1 Rb8 13. Qf2 (13. Qe3
$5 Qa5 14. e5 dxe5 15. Bxe5 Rb7 16. Ne2 O-O 17. Nd4 Bd7 18. Bd3 $40) 13... Qa5
14. h4 b4 15. Ne2 e5 16. Ba7 Rb7 17. Nc1 Be6 18. g4 (18. Nb3 $142 {Ernst} Qc7
19. Be3 a5 20. Ba6 a4 {[#]} 21. Bxb7 (21. Nc1 Rb8 22. g4 Nd7 23. b3 Qc6 24. Bd3
Nc5 25. Bxc5 {1/4/Hjartarson,J-Serper,G/Lucerne/1993}) 21... axb3 22. Bd5 Nxd5
23. exd5 bxa2+ 24. Ka1 Bf5 25. Rc1 Qc4 26. Qd2 O-O 27. g4 $16 {Van der Wiel,
J-Tukmakov,V/Salonika/1984}) 18... d5 (18... Nd7 19. Be3 Nc5 20. Nb3 Qc7 {
Haba,P-Khalifman,A/BRD/1991/Inf 51/202/}) 19. Nb3 Qc7 20. Bc5 d4 $1 (20... a5
$2 21. Ba6 Rb8 22. g5 $40) 21. Bxe7 Kxe7 22. Bh3 (22. Bxa6 $2 Ra7 23. Bd3 Rha8
$40) (22. Qd2 $5 a5 23. Nc1 Nd7 24. g5 Nc5 $14) 22... g5 23. hxg5 $1 hxg5 24.
Qd2 Rg8 25. Nc1 a5 26. Bf1 a4 27. Nd3 (27. Bd3 $2 a3 28. b3 Qc3 29. Qxc3 bxc3
$15) 27... Qd6 (27... a3 28. b3 Bxg4 29. Bg2 (29. fxg4 $4 Nxe4 30. Qe1 Nc3+ 31.
Ka1 Nxd1 32. Qxd1 Qc3+ 33. Kb1 e4 34. Bg2 (34. Qe2 Kf8 35. Qxe4 Re7 $19) 34...
exd3 35. Qe1+ Kd6 36. Qxc3 dxc3 37. Bxb7 d2 $19) 29... Be6 30. Nxb4 $14) 28.
Be2 $10 (28. Be2 Nd7 29. Rh5 f6 30. b3 a3 31. Rdh1 Nf8 $10) 1/2-1/2